000 00243nam a2200097Ia 4500
001 690357
005 20250826161814.0
008 250824s9999 xx 000 0 und d
245 0 _aBÜTÜN ÖYKÜLERİ
_cVIRGINA WOOLF
260 _bTİMAŞ YAYINLARI
999 _c690357
_d690357